000 00570nam a2200181 a 4500
005 20210223121011.0
008 991125s1959 bue 000 0 spa u
035 _aUPN01000010528
049 _aCG
050 4 _aHX665
_bS3.28
100 1 _aSchneider, Ronald M.
245 1 0 _aComunismo en Latinoamérica :
_bel caso Guatemala /
_cRonald M. Schneider ; pról. Arthur P. Whitaker ; tr. Mario A. Marino
260 _aBuenos Aires :
_bAgora,
_c1959.
300 _a345 p.
440 0 _aHombres y problemas ;
_v22
650 4 _aCOMUNISMO -
_zGUATEMALA
_910275
905 _aLibro
999 _c10528
_d10528